Common wealth economics for a crowded planet

Gespeichert in:
Bibliographische Detailangaben
1. Verfasser: Sachs, Jeffrey D.
Format: Buch
Sprache:Englisch
Veröffentlicht: New York Penguin Books 2009
Schlagworte:
Tags: Tag hinzufügen
Keine Tags, Fügen Sie das erste Tag hinzu!

MARC

LEADER 00000nam a2200000 4500
001 0223400
005 20240229084923.9
020 |a 978-0-14-311487-1 
020 |a 978-1-59420-127-1 
041 0 |a eng 
044 |a US 
245 1 0 |a Common wealth  |b economics for a crowded planet  |c Jeffrey D. Sachs 
264 1 |a New York  |b Penguin Books  |c 2009 
300 |a 386 s. 
610 2 0 |a vývoj hospodársky 
610 2 0 |a politika hospodárska 
610 2 0 |a zmeny klimatické 
610 2 0 |a ochrana vody 
610 2 0 |a demografia 
610 2 0 |a stratégia hospodárska 
610 2 0 |a redukcia chudoby 
610 2 0 |a politika zahraničná 
610 2 0 |a pomoc medzinárodná 
610 2 0 |a krajiny rozvojové 
610 2 0 |a vzdelávanie 
610 2 0 |a výroba poľnohospodárska 
610 2 0 |a organizácie medzinárodné 
610 2 0 |a rozvoj hospodársky 
610 2 0 |a ochrana zdravia 
610 2 0 |a bohatstvo 
610 2 0 |a svet 
100 1 |a Sachs, Jeffrey D.